How extension serves.

Bibliographic Details
Corporate Author: University of Arizona. Cooperative Extension Service
Format: Microform Book
Language:English
Published: Tucson, Ariz. : Cooperative Extension Service, University of Arizona, 1967.
Subjects:

MARC

Tag First Indicator Second Indicator Subfields
LEADER 00000cam a2200000 a 4500
001 in00000769749
005 20151017050406.0
007 hd afb|||||||
008 810817r19781967ohua a 00000 eng d
035 |a (OCoLC)07674770 
035 |9 ADK0385AM 
040 |a AGL  |c AGL  |d m/c  |d TXA  |d UtOrBLW 
043 |a n-us-az 
049 |a TXAI 
099 |a film  |a S  |a 1586 
245 0 0 |a How extension serves. 
264 1 |a Tucson, Ariz. :  |b Cooperative Extension Service, University of Arizona,  |c 1967. 
300 |a 31 pages, 1 unnumbered page :  |b illustrations 
336 |a text  |b txt  |2 rdacontent 
337 |a microform  |b h  |2 rdamedia 
338 |a microfilm reel  |b hd  |2 rdacarrier 
500 |a "Southwestern land-grant college library microreproduction project." 
533 |a Microfilm.  |b Wooster, Ohio :  |c Bell & Howell, Microphoto Division,  |d 1978.  |e 1 microfilm reel ; 35 mm. 
500 |a Microform. 
650 0 |a Agricultural extension work  |z Arizona. 
710 2 |a University of Arizona.  |b Cooperative Extension Service. 
740 0 |a Southwestern land-grant college library microreproduction project. 
999 |a MARS 
999 f f |s 72c74162-f609-3edd-aaf8-370656be256a  |i 1e5fb5f0-a07c-3a23-8e91-6b822b91e362  |t 0 
952 f f |p serial  |a Texas A&M University  |b College Station  |c Sterling C. Evans Library  |d Evans: Microforms (3rd floor)  |t 0  |e film S 1586  |h Other scheme  |i microform -- microfilm reel  |l 1967  |m A14827325436 
998 f f |a film S 1586  |t 0  |l Evans: Microforms (3rd floor)